UK economic brief (Record no. 105703)
[ view plain ]
| 000 -LEADER | |
|---|---|
| fixed length control field | 01351cam a2200229 4500 |
| 001 - CONTROL NUMBER | |
| control field | ##L134499 |
| 008 - FIXED-LENGTH DATA ELEMENTS--GENERAL INFORMATION | |
| fixed length control field | 060811n2006 000 0 eng u |
| 035 ## - SYSTEM CONTROL NUMBER | |
| System control number | (Sirsi) u134499 |
| 041 0# - LANGUAGE CODE | |
| Language code of text/sound track or separate title | eng |
| 050 04 - LIBRARY OF CONGRESS CALL NUMBER | |
| Classification number | 333.33 $2 18 |
| 110 2# - MAIN ENTRY--CORPORATE NAME | |
| Corporate name or jurisdiction name as entry element | Royal Institution of Chartered Surveyors |
| Subordinate unit | Public Affairs |
| 9 (RLIN) | 4679 |
| 245 00 - TITLE STATEMENT | |
| Title | UK economic brief |
| Remainder of title | July 2006 |
| 260 ## - PUBLICATION, DISTRIBUTION, ETC. | |
| Place of publication, distribution, etc. | London |
| Name of publisher, distributor, etc. | RICS |
| Date of publication, distribution, etc. | 2006 |
| 490 #0 - SERIES STATEMENT | |
| Series statement | RICS UK Economic Brief |
| Volume/sequential designation | July 2006 |
| 520 ## - SUMMARY, ETC. | |
| Summary, etc. | Reports a strong economic rebound in the second quarter of 2006, heightening fears of accelerating inflation. Concerns over interest rates are being expressed, and RICS believes a tightening of monetary policy is likely towards the end of the year. Occupier demand in the commercial property market rose at the fastest pace in two years, with office and industrial sectors seeing a pick up in activity levels. Construction industry data for the second quarter of 2006 indicates a sustained a recovery in activity in the first quarter. House prices rose firmly in June, up at the fastest pace in just over two years. Graphs. |
| 590 ## - LOCAL NOTE (RLIN) | |
| Local note | IKA220806 |
| 650 24 - SUBJECT ADDED ENTRY--TOPICAL TERM | |
| Topical term or geographic name entry element | RICS UK ECONOMIC BRIEF |
| 651 #4 - SUBJECT ADDED ENTRY--GEOGRAPHIC NAME | |
| Geographic name | United Kingdom |
| Chronological subdivision | |
| 690 ## - LOCAL SUBJECT ADDED ENTRY--TOPICAL TERM (OCLC, RLIN) | |
| Topical term or geographic name as entry element | PROPERTY-PROPERTY MARKET |
| 856 40 - ELECTRONIC LOCATION AND ACCESS | |
| Uniform Resource Identifier | <a href="https://www.rics.org/Global/Downloads/UKEconomicBrief200606.pdf">https://www.rics.org/Global/Downloads/UKEconomicBrief200606.pdf</a> |
| Public note | View the item free of charge at www.rics.org.uk... |
| 942 ## - ADDED ENTRY ELEMENTS (KOHA) | |
| Suppress in OPAC | 0 |
| Withdrawn status | Lost status | Source of classification or shelving scheme | Damaged status | Not for loan | Home library | Current library | Shelving location | Date acquired | Total Checkouts | Full call number | Barcode | Date last seen | Copy number | Price effective from | Koha item type |
|---|---|---|---|---|---|---|---|---|---|---|---|---|---|---|---|
| Dewey Decimal Classification | Virtual | Virtual | Online | 11/08/2006 | ONLINE PUBLICATION | 134499-1001 | 06/08/2019 | 1 | 06/08/2019 | Book |